000 00292nam a22001337a 4500
020 _a0-7214-0972-5
082 _a823
_bMCC/M
100 _aMAGIC BALLOONS
245 _aMAGIC BALLOONS
_bPUDDLE LANE
260 _aUK
_bLADYBIRD
300 _a43
650 _aENGLISH SHORT STORY
_zUK
942 _cBK
999 _c4156
_d4156